MARC details
| 000 -LEADER |
| fixed length control field |
03536nam a2200505 a 4500 |
| 001 - CONTROL NUMBER |
| control field |
81565 |
| 003 - CONTROL NUMBER IDENTIFIER |
| rucl marc code |
BD-RjUL |
| 005 - DATE AND TIME OF LATEST TRANSACTION |
| control field |
20230712122449.0 |
| 008 - FIXED-LENGTH DATA ELEMENTS--GENERAL INFORMATION |
| fixed length control field |
230712t20212021paua ob 001 0 eng d |
| 020 ## - INTERNATIONAL STANDARD BOOK NUMBER |
| International Standard Book Number |
9780323674508 |
|
| International Standard Book Number |
9780323673228 |
|
| International Standard Book Number |
0323673228 |
| Qualifying information |
(electronic bk.) |
| 035 ## - SYSTEM CONTROL NUMBER |
| System control number |
(BD-RjUL)81565 |
| 040 ## - CATALOGING SOURCE |
| Original cataloging agency |
SMC |
| Language of cataloging |
eng |
| Description conventions |
rda |
| -- |
pn |
| Transcribing agency |
SMC |
| Modifying agency |
INM |
| -- |
BD-RjUL |
| 041 ## - LANGUAGE CODE |
| Language code of text/sound track or separate title |
eng |
| 082 04 - DEWEY DECIMAL CLASSIFICATION NUMBER |
| Edition number |
23 |
| Classification number |
616.9041 |
| Author mark and year |
MUM 2021 |
| 100 1# - MAIN ENTRY--PERSONAL NAME |
| Personal name |
Murray, Patrick R., |
| Relator term |
author. |
| 9 (RLIN) |
8008 |
| 245 10 - TITLE STATEMENT |
| Title |
Medical microbiology / |
| Statement of responsibility, etc. |
Patrick R. Murray, Ken S. Rosenthal, Michael A. Pfaller. |
| 250 ## - EDITION STATEMENT |
| Edition statement |
Ninth edition. |
| 264 #1 - PRODUCTION, PUBLICATION, DISTRIBUTION, MANUFACTURE, AND COPYRIGHT NOTICE |
| Place of production, publication, distribution, manufacture |
Philadelphia, PA : |
| Name of producer, publisher, distributor, manufacturer |
Elsevier, |
| Date of production, publication, distribution, manufacture, or copyright notice |
2021. |
|
| Date of production, publication, distribution, manufacture, or copyright notice |
©2021 |
| 300 ## - PHYSICAL DESCRIPTION |
| Pagination |
IX, 855 pages : |
| Illustrations |
illustrations (chiefly color) |
| Size |
28 cm. |
| 336 ## - CONTENT TYPE |
| Content type term |
text |
| Content type code |
txt |
| Source |
rdacontent |
| 337 ## - MEDIA TYPE |
| Media type term |
computer |
| Media type code |
c |
| Source |
rdamedia |
| 338 ## - CARRIER TYPE |
| Carrier type term |
online resource |
| Carrier type code |
cr |
| Source |
rdacarrier |
| 504 ## - BIBLIOGRAPHY, ETC. NOTE |
| Bibliography, etc |
Includes bibliographical references and index. |
| 520 ## - SUMMARY, ETC. |
| Summary, etc. |
The foremost text in this complex and fast-changing field, Medical Microbiology, 9th Edition, provides concise, up-to-date, and understandable explanations of key concepts in medical microbiology, immunology, and the microbes that cause human disease. Clear, engaging coverage of basic principles, immunology, laboratory diagnosis, bacteriology, virology, mycology, and parasitology help you master the essentials of microbiology?effectively preparing you for your coursework, exams, and beyond. Features significant new information on the human microbiome and its influence on the immune and other body systems, and new developments in microbial diagnosis, treatment, diseases, and pathogens. Updates every chapter with state-of-the-art information and current literature citations. Summarizes detailed information in tabular format rather than in lengthy text. Provides review questions at the end of each chapter that correlate basic science with clinical practice. Features clinical cases that illustrate the epidemiology, diagnosis, and treatment of infectious diseases. Introduces microbe chapters with summaries and trigger words for easy review. Highlights the text with clear, colorful figures, clinical photographs, and images that help you visualize the clinical presentation of infections. Offers additional study features online, including 200 self-assessment questions, microscopic images of the microbes, videos, and a new integrating chapter that provides hyperlinks between the microbes, the organ systems that they affect, and their diseases. Enhanced eBook version included with purchase. Your enhanced eBook allows you to access all of the text, figures, and references from the book on a variety of devices. |
| 588 0# - SOURCE OF DESCRIPTION NOTE |
| Source of description note |
Online resource; title from resource home page (ClinicalKey, viewed April 22, 2020). |
| 650 #0 - SUBJECT ADDED ENTRY--TOPICAL TERM |
| Topical term or geographic name as entry element |
Microbiology. |
|
| Topical term or geographic name as entry element |
Parasitology. |
| 9 (RLIN) |
7475 |
|
| Topical term or geographic name as entry element |
Microbiology |
|
| Topical term or geographic name as entry element |
Parasitology |
| 9 (RLIN) |
7475 |
|
| Topical term or geographic name as entry element |
Microbiological Techniques |
| 9 (RLIN) |
8009 |
|
| Topical term or geographic name as entry element |
Microbiologie. |
| 9 (RLIN) |
8010 |
|
| Topical term or geographic name as entry element |
Parasitologie. |
| 9 (RLIN) |
8011 |
|
| Topical term or geographic name as entry element |
microbiology. |
| Source of heading or term |
aat |
|
| Topical term or geographic name as entry element |
Microbiology. |
| Source of heading or term |
fast |
| Authority record control number |
(OCoLC)fst01019576 |
|
| Topical term or geographic name as entry element |
Parasitology. |
| Source of heading or term |
fast |
| Authority record control number |
(OCoLC)fst01053186 |
| 9 (RLIN) |
7475 |
| 700 1# - ADDED ENTRY--PERSONAL NAME |
| Personal name |
Rosenthal, Ken S., |
| Relator term |
author. |
|
| Personal name |
Pfaller, Michael A., |
| Relator term |
author. |
| 776 08 - ADDITIONAL PHYSICAL FORM ENTRY |
| Relationship information |
Print version: |
| Main entry heading |
Murray, Patrick R. |
| Title |
Medical microbiology. |
| Edition |
Ninth edition. |
| Place, publisher, and date of publication |
[Philadelphia, PA] : Elsevier, 2021 |
| International Standard Book Number |
9780323673228 |
| Record control number |
(OCoLC)1140124279 |
| 942 ## - ADDED ENTRY ELEMENTS (KOHA) |
| Source of classification or shelving scheme |
Dewey Decimal Classification |
| Koha item type |
Books |